000 00790cab a2200181 4500
001 L130520
008 050808n2005 000 0 eng u
035 _a(Sirsi) u130520
041 _aeng
100 _aTowler, Andrew
245 _aLast orders?
260 _c2005
490 _aSolicitors' Journal
_v149(30) 29 July 2005, 903-904(2)
520 _aLooks at compliance with the new Licensing Act 2003 and the fact that a large proportion of establishments seem to have failed to renew their licenses by the August deadline. Discusses the implications this will have for the business owners and the legal profession.
590 _aIKA160805
690 _aPROPERTY-COMMERCIAL PROPERTY-LEISURE PROPERTY-REFRESHMENT AND CULINARY PROPERTY-LICENSED PROPERTY-LICENSED PREMISES
942 _n0
999 _c75672
_d75672